000 01633cam a22001814a 4500
005 20250605164203.0
008 250528s ||||||||||||||||||||||||d
035 _a19821
040 _aGR-AtMCL
_bgre
_dGR-AtMCL
_eAACR2
245 1 _aΕπιχειρησιακή Έρευνα / Για τη λήψη επιχειρηματικών αποφάσεων Α: Μαθηματικός Προγραμματισμός
260 _bΑ.Σταμουλης,
_c1994
300 _a276
520 _aΕισαγωγή στην Επιχειρησιακή Έρευνα, Επιστημονικά Πρότυπα στη Λήψη Αποφάσεων, Εισαγωγή στον Γραμμικό Προγραμματισμό, Διατύπωση Προβλημάτων Γραμμικού Προγραμματισμού, Παραδείγματα Προβλημάτων Γραμμικού Προγραμματισμού, Λύση Προβλημάτων Γραμμικού Προγραματισμού, Το Δυικό Πρόβλημα, Ανάλυση της Λύσης, Χρήση του Η/Υ για Προβλήματα ΓΠ, Ειδικά Προβλήματα ΓΠ, Διατύπωση Προβλημάτων Ακέραιου Προγραμματισμού, Λύση Προβλημάτων Ακέραιου Προγραμματισμού, Δυναμικός Προγραμματισμός, Εφαρμογές Δυναμικού Προγραμματισμού, Επιχειρησιακή Έρευνα και Πληροφορική, Ασκήσεις.
700 1 _aΠραστάκος Γρηγόρης
_95505
942 _cBK
999 _c5068
_d5068